Γλώσσα, κοινωνία, ιστορία : τα Βαλκάνια = Language, society, history : the Balkans

Αποθηκεύτηκε σε:
Λεπτομέρειες βιβλιογραφικής εγγραφής
Άλλοι συγγραφείς: Χριστίδης, Αναστάσιος-Φοίβος (Επιμελητής έκδοσης)
Μορφή: Βιβλίο
Γλώσσα:Greek
English
Δημοσίευση: Θεσσαλονίκη : Κέντρο Ελληνικής Γλώσσας = Centre for the Greek Language, 2007.
Θέματα:
Ετικέτες: Προσθήκη ετικέτας
Δεν υπάρχουν, Καταχωρήστε ετικέτα πρώτοι!

MARC

LEADER 00000cam a2200000 i 4500
001 1/22499
008 120809s2007 gr | ||| |||| ||gre||
020 |a 9789607779403 
035 |l 10113068 
040 |a GR-MY-UA  |b gre  |e aacr 
041 0 |a gre  |a eng 
082 7 |a 306.44   |2 (22) 
245 1 0 |a Γλώσσα, κοινωνία, ιστορία :   |b τα Βαλκάνια = Language, society, history : the Balkans /   |c Κέντρο Ελληνικής Γλώσσας ; επιστημονική επιμέλεια: Α.-Φ. Χριστίδης ; editor: A.-F. Christidis.  
246 1 |i Παράλληλος τίτλος:   |a Language, society, history :   |b the Balkans 
260 |a Θεσσαλονίκη :   |b Κέντρο Ελληνικής Γλώσσας = Centre for the Greek Language,   |c 2007.  
300 |a 501 σ. ;   |c 29 εκ. 
500 |a Περιέχει κείμενα στα ελληνικά και την μετάφραση τους στα αγγλικά.  
500 |a Πρακτικά Διεθνούς Συνεδρίου, Θεσσαλονίκη, 11-12 Νοεμβρίου 2001 = Proceedings of an international conference, Thessaloniki, 11-12 November 2001.  
650 0 |a Language and history  |z Balkan Peninsula  |x Congresses. 
650 0 |a Sociolinguistics  |z Balkan Peninsula  |x Congresses. 
700 1 |a Χριστίδης, Αναστάσιος-Φοίβος,  |e edt 
852 |a INST  |b LESVOS  |e 20120809  |h 306.44 ΓΛΩ  |p 005100052108  |q 005100052108  |t BK  |y 0 
852 |a INST  |b LESVOS  |c EUDOXUS  |e 20150514  |h 306.44 ΓΛΩ  |p 005100056586  |q 005100056586  |t EDX  |y 0 
852 |a INST  |b RHODES  |e 20120913  |h 306.44 ΓΛΩ  |p 005400034530  |q 005400034530  |t BK  |y 0 
901 |a BIBL1-2012-2 
901 |a BIBL4-2012-3 
920 |a Εύδοξος  |b Επιστροφή  |y Λέσβος  |z 2012-04 
920 |a Εύδοξος  |b Παραγγελία-ΤΚΑΙ  |y Λέσβος  |z 2015-04 
970 |a ΤΖΑΦΕΡΗ  |b ΕΥΑΓΓΕΛΙΑ  |z 2012/08/09